000 00378nam a2200145Ia 4500
008 230711s9999||||xx |||||||||||||| ||und||
041 _aENG
082 _a624
_bGA-I
100 _aGarg Santosh Kumar
245 0 _aIrrigation engineering and hydraulic structure
250 _a9th Ed.
260 _c1991
_aNew Delhi
_bKhanna Publishers
650 _aCivil Engineering
942 _cBK
999 _c2298
_d2298